Report on life and livelihood skills development programme ; (Record no. 10058)

MARC details
000 -LEADER
fixed length control field 00417nam a22001217a 4500
005 - DATE AND TIME OF LATEST TRANSACTION
control field 20241016123052.0
008 - FIXED-LENGTH DATA ELEMENTS--GENERAL INFORMATION
fixed length control field 190529b ||||| |||| 00| 0 eng d
082 ## - DEWEY DECIMAL CLASSIFICATION NUMBER
Classification number Periodicals serials
245 ## - TITLE STATEMENT
Title Report on life and livelihood skills development programme ;
Remainder of title Youth Development and Rehabilitation Centre, RBP.
260 ## - PUBLICATION, DISTRIBUTION, ETC.
Place of publication, distribution, etc. Chhukha ;
Name of publisher, distributor, etc. Royal Bhutan Police.
Date of publication, distribution, etc. 2014.
300 ## - PHYSICAL DESCRIPTION
Other physical details ill.
Dimensions 29 cm.
942 ## - ADDED ENTRY ELEMENTS (KOHA)
Source of classification or shelving scheme Dewey Decimal Classification
Koha item type Periodicals
Holdings
Withdrawn status Lost status Source of classification or shelving scheme Damaged status Not for loan Collection code Home library Current library Shelving location Date acquired Serial Enumeration / chronology Barcode Date last seen Price effective from Koha item type Public note
    Dewey Decimal Classification     Periodicals RTC Library RTC Library Periodicals 16/10/2024 18957 30020124 16/10/2024 16/10/2024 Periodicals Donated by Madam Dechen Dolkar(Registrar)
Royal Thimphu College || All Right Reserved